Catálogo público

Guías fenológicas para cultivos básicos / Esteban Solórzano Vega (Record no. 217138)

MARC details
000 -CABECERA
campo de control de longitud fija 01007nam a2200325Ia 4500
001 - NÚMERO DE CONTROL
campo de control Z_6454
008 - DATOS DE LONGITUD FIJA--INFORMACIÓN GENERAL
campo de control de longitud fija 220601s9999 xx 000 0 und d
020 ## - NÚMERO INTERNACIONAL ESTÁNDAR DEL LIBRO
Número Internacional Estándar del Libro 978-968-24-7841-3
082 ## - NÚMERO DE LA CLASIFICACIÓN DECIMAL DEWEY
Número de clasificación 631.558 S65
100 1# - ENTRADA PRINCIPAL--NOMBRE DE PERSONA
Nombre de persona Solórzano Vega, Esteban
9 (RLIN) 108505
245 ## - MENCIÓN DE TÍTULO
Título Guías fenológicas para cultivos básicos / Esteban Solórzano Vega
250 ## - MENCIÓN DE EDICIÓN
Mención de edición reimpesión
260 ## - PUBLICACIÓN, DISTRIBUCIÓN, ETC.
Lugar de publicación, distribución, etc. México : Trillas
300 ## - DESCRIPCIÓN FÍSICA
Extensión 152 p.
440 ## - MENCIÓN DE SERIE/PUNTO DE ACCESO ADICIONAL--TÍTULO
Título (Serie: Producción agrícola)
9 (RLIN) 183746
503 ## - NOTA DE HISTORIA BIBLIOGRÁFICA (BK CF MU) [OBSOLETO]
Nota de historia bibliográfica ej.1 - ej.5: consumo
504 ## - NOTA DE BIBLIOGRAFÍA, ETC.
Nota de bibliografía, etc. Bibliografía: p. 141 - 144, incluye índice
650 ## - PUNTO DE ACCESO ADICIONAL DE MATERIA--TÉRMINO DE MATERIA
Término de materia o nombre geográfico como elemento de entrada 1. Fenología
650 ## - PUNTO DE ACCESO ADICIONAL DE MATERIA--TÉRMINO DE MATERIA
Término de materia o nombre geográfico como elemento de entrada Cultivos -- Manuales
650 ## - PUNTO DE ACCESO ADICIONAL DE MATERIA--TÉRMINO DE MATERIA
Término de materia o nombre geográfico como elemento de entrada Cultivos y clima
9 (RLIN) 30392
650 ## - PUNTO DE ACCESO ADICIONAL DE MATERIA--TÉRMINO DE MATERIA
Término de materia o nombre geográfico como elemento de entrada Condiciones ambientales
650 ## - PUNTO DE ACCESO ADICIONAL DE MATERIA--TÉRMINO DE MATERIA
Término de materia o nombre geográfico como elemento de entrada Plantas oleaginosas
9 (RLIN) 89032
650 ## - PUNTO DE ACCESO ADICIONAL DE MATERIA--TÉRMINO DE MATERIA
Término de materia o nombre geográfico como elemento de entrada Tubérculos y cultivos de raíz
9 (RLIN) 115479
650 ## - PUNTO DE ACCESO ADICIONAL DE MATERIA--TÉRMINO DE MATERIA
Término de materia o nombre geográfico como elemento de entrada Fibras vegetalesÌ
901 ## - ELEMENTOS DE DATOS A LOCAL LDA (RLIN)
a 631.558 S65
902 ## - ELEMENTOS DE DATOS B LOCAL, LDB (RLIN)
a M
905 ## - ELEMENTOS DE DATOS E LOCAL, LDE (RLIN)
a 5232222009 2007 mx an 8221113311spa16
942 ## - ELEMENTOS DE PUNTO DE ACCESO ADICIONAL (KOHA)
Tipo de ítem Koha Libro_
Holdings
Estado de retiro Estado de pérdida Fuente del sistema de clasificación o colocación Estado dañado No para préstamo Código de colección Localización permanente Ubicación/localización actual Ubicación en estantería Fecha de adquisición Total de préstamos Código de barras Fecha visto por última vez Número de copia Precio válido a partir de Tipo de ítem Koha
    Dewey Decimal Classification     General Zootecnia Zootecnia   14/08/2014   z_6301 02/06/2022 5 02/06/2022 Libro
    Dewey Decimal Classification     General Zootecnia Zootecnia   14/08/2014   z_6297 02/06/2022 1 02/06/2022 Libro
    Dewey Decimal Classification     General Zootecnia Zootecnia   14/08/2014   z_6298 02/06/2022 2 02/06/2022 Libro
    Dewey Decimal Classification     General Zootecnia Zootecnia   14/08/2014   z_6299 02/06/2022 3 02/06/2022 Libro
    Dewey Decimal Classification     General Zootecnia Zootecnia   14/08/2014   z_6300 02/06/2022 4 02/06/2022 Libro